Statistics for Most Useful Languages to Learn

Click here to take the quiz!

General Stats

  • This quiz has been taken 219 times
  • The average score is 10 of 12

Answer Stats

Hint Answer % Correct
English
99%
Spanish
99%
Mandarin
99%
German
97%
French
96%
Portuguese
95%
Russian
94%
Arabic
90%
Japanese
90%
Hindi
77%
Bengali
32%
Swahili
31%

Score Distribution

Percentile by Number Answered

Percent of People with Each Score

Your Score History

You have not taken this quiz